Score 0/50 Timer 05:00
0 Plays Today
Word Answer % Correct
dooshiitewhy
84.6%
springharu
61.5%
winterfuyu
53.8%
autumnaki
53.8%
natsusummer
50%
hurry uphayaku
46.2%
iehome
44.2%
ekistation
42.3%
heavyomoi
40.4%
ginkoobank
40.4%
to be (in a place, non-living)arimasu
38.5%
childrenkodomotachi
36.5%
atatakaiwarm
36.5%
renshuupractice
34.6%
mainichieveryday
34.6%
sleepynemui
34.6%
utaimasuto sing
32.7%
yuubinkyokupost office
32.7%
araimasuto wash
30.8%
torimasuto take
30.8%
I'm tiredtsukaremashita
28.8%
maibanevery night
26.9%
of coursemochiron
26.9%
kakimasuto write
25%
to go outdekakemasu
25%
Word Answer % Correct
tsukurimasuto make
25%
narimashitabecame
23.1%
maiasaevery morning
23.1%
togetherisshoni
23.1%
bathofuro
23.1%
dreadful or terriblehidoi
23.1%
ganbarimasuto have a go
23.1%
usuallytaitei
23.1%
I've had enough (e.g. to eat)moo kekoo desu
23.1%
taeteendure
21.2%
shiyakushotown hall
21.2%
hairimasuto enter
19.2%
ohashichopsticks
19.2%
osewa ni narimasuthanks for looking after me
19.2%
ichibamarket place
19.2%
tsukaimasuto use
17.3%
soo demo nai desuno not really
17.3%
shinjirarenaiI don't believe it
15.4%
would you like some more?ikaga desuka
15.4%
sukoshi dakea little bit
15.4%
fridgereizooko
13.5%
it can't be helpedshooganai
11.5%
dekinakataraif you can't do it
9.6%
luggagenimotsu
7.7%
bunbookyastationery shop
5.8%

You're not logged in!

Compare scores with friends on all Sporcle quizzes.
OR
Log In

Sporcle TV

Today on Sporcle TV


Watch our educational content, quiz creation guides, and fun videos on Sporcle TV.

Show Comments

Extras

Top Quizzes Today


Score Distribution

Paid Content

Your Account Isn't Verified!

In order to create a playlist on Sporcle, you need to verify the email address you used during registration. Go to your Sporcle Settings to finish the process.

Report this User

Report this user for behavior that violates our Community Guidelines.

Details: